<?xml version="1.0" encoding="UTF-8"?>
<record
    xmlns:xsi="http://www.w3.org/2001/XMLSchema-instance"
    xsi:schemaLocation="http://www.loc.gov/MARC21/slim http://www.loc.gov/standards/marcxml/schema/MARC21slim.xsd"
    xmlns="http://www.loc.gov/MARC21/slim">

  <leader>01309cam a2200301 a 4500</leader>
  <controlfield tag="001">000002598</controlfield>
  <controlfield tag="005">20240313182408.0</controlfield>
  <controlfield tag="008">770516s1969    sp ac         000 0 spa  </controlfield>
  <datafield tag="040" ind1=" " ind2=" ">
    <subfield code="a">DO-SdBNP</subfield>
    <subfield code="b">spa</subfield>
    <subfield code="c">BNPHU</subfield>
  </datafield>
  <datafield tag="082" ind1=" " ind2=" ">
    <subfield code="a">920.046</subfield>
    <subfield code="b">G633&#xF3;</subfield>
  </datafield>
  <datafield tag="100" ind1="1" ind2=" ">
    <subfield code="a">G&#xF3;mez Santos, Marino.</subfield>
    <subfield code="9">8184</subfield>
  </datafield>
  <datafield tag="245" ind1="1" ind2="0">
    <subfield code="a">11 espa&#xF1;oles universales /</subfield>
    <subfield code="c">Marino G&#xF3;mez Santos.</subfield>
  </datafield>
  <datafield tag="260" ind1=" " ind2=" ">
    <subfield code="a">Madrid :</subfield>
    <subfield code="b">Cultura Hisp&#xE1;nica,</subfield>
    <subfield code="c">1969.</subfield>
  </datafield>
  <datafield tag="300" ind1=" " ind2=" ">
    <subfield code="a">416 p. :</subfield>
    <subfield code="b">il. ;</subfield>
    <subfield code="c">21 cm.</subfield>
  </datafield>
  <datafield tag="505" ind1="0" ind2=" ">
    <subfield code="a">Ram&#xF3;n Castroviejo -- Crist&#xF3;bal Col&#xF3;n, duque de Veragua -- Ernesto Halffter -- Juan Jos&#xE9; L&#xF3;pez Ibor -- Victorio Macho -- Benjamin Palencia -- Jos&#xE9; Maria Peman -- Joaqu&#xED;n Rodrigo -- Manolo Santana -- Andr&#xE9;s Segovia -- Daniel V&#xE1;zquez D&#xED;az.</subfield>
  </datafield>
  <datafield tag="651" ind1=" " ind2="4">
    <subfield code="a">Espa&#xF1;a</subfield>
    <subfield code="x">Biograf&#xED;as</subfield>
    <subfield code="9">8185</subfield>
  </datafield>
  <datafield tag="600" ind1="1" ind2="4">
    <subfield code="a">CASTROVIEJO, RAM&#xD3;N,</subfield>
    <subfield code="d">1904-1987</subfield>
    <subfield code="9">8186</subfield>
  </datafield>
  <datafield tag="600" ind1=" " ind2="0">
    <subfield code="a">COL&#xD3;N, CRISTOBAL,</subfield>
    <subfield code="d">1436-1456</subfield>
    <subfield code="9">19795</subfield>
  </datafield>
  <datafield tag="600" ind1="1" ind2="4">
    <subfield code="a">HALFFTER, ERNESTO,</subfield>
    <subfield code="d">1905-1989</subfield>
    <subfield code="9">8187</subfield>
  </datafield>
  <datafield tag="600" ind1="1" ind2="4">
    <subfield code="a">L&#xD3;PEZ IBOR, JUAN JOS&#xC9;,</subfield>
    <subfield code="d">1908-1991</subfield>
    <subfield code="9">8188</subfield>
  </datafield>
  <datafield tag="600" ind1="1" ind2="4">
    <subfield code="a">MACHO, VICTORIO,</subfield>
    <subfield code="d">1887-1966</subfield>
    <subfield code="9">8189</subfield>
  </datafield>
  <datafield tag="600" ind1="1" ind2="4">
    <subfield code="a">PALENCIA, BENJAM&#xCD;N,</subfield>
    <subfield code="d">1894-1980</subfield>
    <subfield code="9">8190</subfield>
  </datafield>
  <datafield tag="600" ind1="1" ind2="4">
    <subfield code="a">PEMAN, JOS&#xC9; MAR&#xCD;A,</subfield>
    <subfield code="d">1897-1981</subfield>
    <subfield code="9">8191</subfield>
  </datafield>
  <datafield tag="600" ind1="1" ind2="4">
    <subfield code="a">RODRIGO, JOAQU&#xCD;N,</subfield>
    <subfield code="d">1901-1999</subfield>
    <subfield code="9">8192</subfield>
  </datafield>
  <datafield tag="600" ind1="1" ind2="4">
    <subfield code="a">SANTANA, MANOLO,</subfield>
    <subfield code="9">8193</subfield>
  </datafield>
  <datafield tag="600" ind1="1" ind2="4">
    <subfield code="a">SEGOVIA, ANDRES,</subfield>
    <subfield code="d">1893-1987</subfield>
    <subfield code="9">8194</subfield>
  </datafield>
  <datafield tag="600" ind1="1" ind2="4">
    <subfield code="a">VAZQUEZ D&#xCD;AZ, DANIEL,</subfield>
    <subfield code="d">1882-1969</subfield>
    <subfield code="9">8195</subfield>
  </datafield>
  <datafield tag="952" ind1=" " ind2=" ">
    <subfield code="0">0</subfield>
    <subfield code="1">0</subfield>
    <subfield code="5">2</subfield>
    <subfield code="7">0</subfield>
    <subfield code="8">MO</subfield>
    <subfield code="a">GR</subfield>
    <subfield code="b">GR</subfield>
    <subfield code="c">CT</subfield>
    <subfield code="d">2009-07-10</subfield>
    <subfield code="i">LF1</subfield>
    <subfield code="l">0</subfield>
    <subfield code="o">920.046 G633&#xF3;</subfield>
    <subfield code="p">2598-10</subfield>
    <subfield code="r">2020-06-25</subfield>
    <subfield code="w">2020-06-25</subfield>
    <subfield code="y">2</subfield>
    <subfield code="Z">Pr&#xE9;stamo interno</subfield>
  </datafield>
  <datafield tag="999" ind1=" " ind2=" ">
    <subfield code="c">2434</subfield>
    <subfield code="d">2434</subfield>
  </datafield>
</record>
